Hospodářské nástroje bezpečnostní politiky pro východní Evropu

Západ a koniec komunizmu. Hospodárske vzťahy ako nástroj bezpečnostnej politiky. Bezpečnostná politika z východoeurópskeho hľadiska. Rusko a ostatné štáty SNŠ. Bezpečnostná politika Západu voči východnej Európe a voči Rusku.

Salvato in:
Dettagli Bibliografici
Autore principale: Staňkovský, J.
Natura: Capitolo di libro
Lingua:ceco
Soggetti:
Tags: Aggiungi Tag
Nessun Tag, puoi essere il primo ad aggiungerne!!

MARC

LEADER 00000naa a2200000 4500
001 r023995
005 20221205090517.0
041 0 |a cze 
044 |a CZ 
245 1 0 |a Hospodářské nástroje bezpečnostní politiky pro východní Evropu  |c J. Staňkovský 
520 |a Západ a koniec komunizmu. Hospodárske vzťahy ako nástroj bezpečnostnej politiky. Bezpečnostná politika z východoeurópskeho hľadiska. Rusko a ostatné štáty SNŠ. Bezpečnostná politika Západu voči východnej Európe a voči Rusku. 
610 2 0 |a bezpečnosť európska 
610 2 0 |a východná Európa 
610 2 0 |a Rusko 
610 2 0 |a Spoločenstvo nezávislých štátov 
610 2 0 |a nástroje ekonomické 
100 1 |a Staňkovský, J.